000 00533nam a2200229Ia 4500
003 OSt
005 20220912144330.0
006 a|||||r|||| 00| 0
007 ta
008 220909b |||||||| |||| 00| 0 eng d
020 _aSL01290847
024 _a196022
037 _cTextbook
040 _aCSL
_beng
_cCSL
041 _aeng
082 _aB2T0B8BE2, P4
100 _aTaylor DA
245 0 _aSupply chains
700 _aTaylor DA
942 _hB2T0B8BE2, P4
_cTB
_2CC
999 _c5143
_d5143